| 000 | 00673nam a2200229 u 4500 | ||
|---|---|---|---|
| 005 | 20250826063920.0 | ||
| 008 | 130430s2011 r 000 0 eng d | ||
| 020 | _a9788497843270 | ||
| 035 | _aUPN01000190887 | ||
| 049 | _aCG | ||
| 050 | 4 |
_aHM1126 _bC6.6 |
|
| 245 | 0 | 0 |
_aConflictos interculturales / _ccoord. Néstor García Canclini. |
| 260 |
_aBarcelona, Esp. : _bGedisa, _c2011. |
||
| 300 | _a179 p. | ||
| 440 | 0 | _aCultura | |
| 650 | 4 |
_aSolución de conflictos _96402 |
|
| 650 | 4 |
_aESTUDIOS INTERCULTURALES _922051 |
|
| 650 | 4 |
_aRelaciones culturales _910926 |
|
| 700 | 1 |
_aGarcía Canclini, Néstor, _d1939- _ecoord. _930963 |
|
| 905 | _aLibro | ||
| 999 |
_c162990 _d162990 |
||